Rihanna - Chansons par ordre alphabétique - Statistiques

Statistiques générales
  • Ce quiz a été pris 19 fois
    9 depuis la dernière actualisation
  • Le résultat moyen est 48 sur 121
Statistiques - réponses
Lettres Chansons % Correct
D Diamonds
100%
R Rude Boy
88%
T Talk That Talk
88%
U Umbrella
88%
B Bitch Better Have My Money
75%
C Consideration
75%
F FourFiveSeconds
75%
L Love on the Brain
75%
L Love the Way You Lie (Part II)
75%
O Only Girl (In the World)
75%
P Pon de Replay
75%
S Stay
75%
W Where Have You Been
75%
W Work
75%
C California King Bed
63%
D Desperado
63%
D Disturbia
63%
G Goodnight Gotham
63%
K Kiss It Better
63%
M Man Down
63%
N Numb
63%
S Shut Up and Drive
63%
S S&M
63%
T Te Amo
63%
U Unfaithful
63%
A American Oxygen
50%
B Breakin' Dishes
50%
C Cheers (Drink to That)
50%
D Don't Stop the Music
50%
J James Joint
50%
L Loveeeeeee Song
50%
N Never Ending
50%
Q Question Existing
50%
R Raining Men
50%
R Rockstar 101
50%
R Russian Roulette
50%
S Sex With Me
50%
S Stupid In love
50%
W What's My Name?
50%
Y You da One
50%
B Birthday Cake
38%
C Close To You
38%
C Cockiness (Love It)
38%
C Complicated
38%
D Dem Haters
38%
D Drunk on Love
38%
F Fading
38%
F Farewell
38%
G G4L
38%
H Hard
38%
H Hate That I Love You
38%
H Here I Go Again
38%
I If It's Lovin' that You Want
38%
I If It's Lovin' That You Want (Part II)
38%
J Jump
38%
N Needed Me
38%
N Nobody's Business
38%
N No Love Allowed
38%
P Photographs
38%
P Phresh Out The Runway
38%
P Pour It Up
38%
R Rehab
38%
S Say It
38%
S Sell Me Candy
38%
S Sledgehammer
38%
S SOS
38%
T There's a Thug in My Life
38%
W Wait Your Turn
38%
W Watch n' Learn
38%
W We All Want Love
38%
W We Found Love
38%
W Woo
38%
Y Yeah, I Said It
38%
G A Girl Like Me
25%
M A Million Miles Away
25%
B Break It Off
25%
C Cold Case Love
25%
C Crazy Little Thing Called Love
25%
C Cry
25%
D Do Ya Thang
25%
F Final Goodbye
25%
F Fire Bomb
25%
F Fool in Love
25%
G Get It Over With
25%
G Good Girl Gone Bad
25%
H Half of Me
25%
H Haunted
25%
H Higher
25%
K Kisses Don't Lie
25%
L Let Me
25%
L Lift Me Up
25%
L Lost in Paradise
25%
L Love Without Tragedy / Mother Mary
25%
M Mad House
25%
M Music of the Sun
25%
N Now I Know
25%
P Pose
25%
P Push Up On Me
25%
R Right Now
25%
R Roc Me Out
25%
R Rush
25%
S Same Ol' Mistakes
25%
S Selfish Girl
25%
S Skin
25%
T Take a Bow
25%
T That La, La, La
25%
L The Last Song
25%
L The Last Time
25%
W We Ride
25%
W What Now
25%
I If I Never See Your Face Again
13%
L Lemme Get That
13%
P P.S (I'm Still Not Over You)
13%
R Red Lipstick
13%
T This Is What You Came For
13%
W Willing to Wait
13%
Y You Don't Love Me (No, No, No)
13%
Friend Of Mine
0%
R Redemption Son
0%
S Stick up (The saturday night live song)
0%
W Who's that chick (Doritos Night)
0%
Aucun quiz correspondant
Distribution des résultats
% des personnes avec chaque résultat
Percentile par nombre de réponses
Votre historique - résultats
Vous n’avez pas pris ce quiz depuis la dernière actualisation